000 00936nam a2200229Ii 4500
003 JO-AjNU
008 230605s9999||||xx |||||||||||||| ||und||
017 _a2005/8/1997
020 _a9957-24-231-8
040 _aJO-AjNU
_bara
_erda
_cJO-AjNU
041 _aara
050 1 4 _aHG4026.I32 2006
100 3 _aتأليف: كراجه، عبدالحليم / م.مشارك: علي ربابعة، ياسر السكران، موسى مطر، توفيق عبدالرحيم يوسف,
_eauthor
_933518
245 0 0 _aالادارة والتحليل المالي: اسس، مفاهيم ، تطبيقات
250 _aط2
264 3 1 _aعمان:دار صفاء للنشر والتوزيع، 2006
300 _a319ص
_bيحتوي على ببلوغرافية 319ص
336 _atext
_btxt
_2rdacontent
337 _aunmediated
_bn
_2rdamedia
338 _avolume
_bnc
_2rdacarrier
650 4 _aالادارة المالية - تحليل
_933519
999 _aA13652
_c17220
_d17220